export_success — 

Kompass Singapore trade register : 2003.

Bibliographic Details
Format: Book
Published: Singapore: Kompass South East Asia, 2003.
Edition:25th ed..
Subjects:
LEADER 00746cam a2200217 7i4500
001 0000012400
005 20060508090000.0
090 0 0 |a SING 338.7025   |b KOM 
245 0 0 |a Kompass Singapore trade register :   |b 2003. 
250 0 0 |a 25th ed.. 
260 0 0 |a Singapore:   |b Kompass South East Asia,   |c 2003. 
300 # # |a [v.p]. 
500 0 0 |a Vol. 3 : Services 
500 0 0 |a Alphabetical list of companies 
500 0 0 |a Vol. 1 : Manufactures/ Traders 
500 0 0 |a Vol. 2 : Wholesalers/ Distributors 
650 0 0 |a Business --   |x Directories --   |z Singapore  
650 0 0 |a Importers --   |x Directories --   |z Singapore  
650 0 0 |a Exporters --   |x Directories --   |z Singapore  
651 0 0 |a Singapore  
999 |a 0000015019  |b Directories  |c Countries  |e Business Information Centre